| 000 | 00975cam a2200313 a 4500 | ||
|---|---|---|---|
| 999 |
_c129975 _d129975 |
||
| 001 | 434389 | ||
| 003 | ARRUPE | ||
| 005 | 20191112105847.0 | ||
| 008 | 811216m19819999caua 001 0 eng | ||
| 010 | _a 81176018 | ||
| 020 | _a0917704096 (pbk. : set) | ||
| 020 | _a0917704134 (set) | ||
| 020 |
_a0917704061 (pbk. : v. 2) : _c$6.50 |
||
| 020 |
_a0917704118 (v. 2) : _c$11.50 |
||
| 040 |
_aDLC _cDLC _dDLC |
||
| 050 | 0 | 0 |
_aT49.5 _b.D37 |
| 082 | 0 | 0 |
_a338.9/27 _219 |
| 100 | 1 |
_aDarrow, Ken. _948519 |
|
| 245 | 1 | 0 |
_aAppropriate technology sourcebook / _cby Ken Darrow, Kent Keller, Rick Pam. |
| 260 |
_aStanford, Calif. : _bVolunteers in Asia, _c1986 |
||
| 300 |
_a800p. ; _bill. ; _c24 cm. |
||
| 500 | _aIncludes index. | ||
| 650 | 0 |
_aAppropriate technology. _948520 |
|
| 700 | 1 |
_aKeller, Kent. _948521 |
|
| 700 | 1 |
_aPam, Rick. _948522 |
|
| 710 | 2 |
_aVolunteers in Asia, inc. _948523 |
|
| 906 |
_a7 _bcbc _corignew _d2 _encip _f19 _gy-gencatlg |
||
| 942 |
_2lcc _cMONOGRAPH |
||